[Event "Bronshoj BSM IM 2012"]
[Site "Copenhagen DEN"]
[Date "2012.06.01"]
[Round "1.1"]
[White "Schou-Moldt, Thomas"]
[Black "Matthiesen, Arne"]
[Result "1/2-1/2"]
[BlackTitle "FM"]
[WhiteElo "2210"]
[BlackElo "2337"]
[WhiteFideId "1401297"]
[BlackFideId "1403524"]
[EventDate "2012.06.01"]

1. e4 c5 2. Nf3 g6 3. c4 Bg7 4. d4 cxd4 5. Nxd4 Nc6 6. Be3 Nf6 7. Nc3 O-O 8. Be2
d6 9. O-O Bd7 10. Qd2 Nxd4 11. Bxd4 Bc6 12. f3 a5 13. b3 Nd7 14. Be3 Nc5 15.
Rab1 Qb6 16. Rfc1 Rfc8 17. Rc2 Qd8 18. Bf1 h5 19. a3 Kh7 20. g3 Be5 21. Bh3 e6
22. Bg2 h4 23. b4 Na4 24. Ne2 hxg3 25. hxg3 axb4 26. axb4 Nb6 27. b5 Be8 28. f4
Nxc4 29. Rxc4 Rxc4 30. fxe5 dxe5 31. Qxd8 Rxd8 32. Bg5 f6 33. Bxf6 Rd2 34. Kf2
Rcc2 35. Bf3 Rb2 36. Rh1+ Kg8 37. Bg4 Kf7 38. Bxe5 Rxb5 39. Rh7+ Kg8 40. Rh8+
Kf7 41. Bf4 Rc2 42. Rh7+ Kg8 43. Re7 Bf7 44. e5 g5 45. Be3 Rxe5 46. Rxb7 Bg6 47.
Bd4 Re4 48. Rg7+ Kf8 49. Bf3 Rexe2+ 50. Bxe2 Bh5 51. Rxg5 Bxe2 52. Ke3 1/2-1/2

[Event "Bronshoj BSM IM 2012"]
[Site "Copenhagen DEN"]
[Date "2012.06.01"]
[Round "1.3"]
[White "Haubro, Martin"]
[Black "Nilssen, John Arni"]
[Result "1/2-1/2"]
[BlackTitle "IM"]
[WhiteElo "2092"]
[BlackElo "2389"]
[WhiteFideId "1414291"]
[BlackFideId "7200137"]
[EventDate "2012.06.01"]

1. e4 c5 2. c3 Qa5 3. Nf3 d6 4. Na3 Nf6 5. Bd3 Nc6 6. h3 Rb8 7. Qe2 Nd7 8. Nc4
Qc7 9. a4 g6 10. Bc2 Bg7 11. d3 O-O 12. O-O e6 13. Bf4 e5 14. Bh2 Nf6 15. d4
cxd4 16. cxd4 Nh5 17. Bb3 Na5 18. Nxa5 Qxa5 19. dxe5 dxe5 20. Qb5 Qxb5 21. axb5
Nf4 22. Rxa7 Bd7 23. Bc4 Rfc8 24. b3 Kf8 25. Rd1 Ke7 26. Bxf4 exf4 27. Bxf7 Bxb5
28. Bd5 Be2 29. Rd2 Rc1+ 30. Kh2 Bxf3 31. gxf3 Rc7 32. Kg2 Be5 33. Bc4 b5 34.
Rxc7+ Bxc7 35. Bd5 Rb6 36. Ra2 Bb8 37. Ra8 Kf6 38. Ra2 h5 39. Rc2 Bd6 40. Rc6 1/2-1/2

[Event "Bronshoj BSM IM 2012"]
[Site "Copenhagen DEN"]
[Date "2012.06.01"]
[Round "1.4"]
[White "Kristensen, Kaare"]
[Black "Semcesen, Daniel"]
[Result "1-0"]
[WhiteTitle "FM"]
[BlackTitle "IM"]
[WhiteElo "2328"]
[BlackElo "2461"]
[WhiteFideId "1400940"]
[BlackFideId "1706993"]
[EventDate "2012.06.01"]

1. e4 e5 2. Nf3 Nc6 3. d4 exd4 4. Nxd4 Nf6 5. Nxc6 bxc6 6. e5 Qe7 7. Qe2 Nd5 8.
c4 Nb6 9. Nc3 Bb7 10. Bd2 O-O-O 11. O-O-O Kb8 12. f4 f6 13. exf6 Qf7 14. fxg7
Bxg7 15. c5 Rhe8 16. Qd3 Nd5 17. Nxd5 cxd5 18. Qb3 Ka8 19. g3 Rb8 20. Qc2 d4 21.
Bc4 Bd5 22. b3 Bxc4 23. Qxc4 Qxc4+ 24. bxc4 Re6 25. Kc2 Ra6 26. Rb1 Rxa2+ 27.
Kd3 Ra3+ 28. Ke4 Re8+ 29. Kf5 Ra2 30. Bb4 Rb8 31. c6 dxc6 32. Ke6 d3 33. Be7
Re2+ 34. Kd7 Bb2 35. f5 d2 36. f6 Rf2 37. Rbf1 Rxf1 38. Rxf1 a5 39. Rd1 a4 40.
Rxd2 a3 41. Bxa3 Bxf6 42. Kxc7 Bc3 43. Rc2 Rb3 44. Bc5 Be5+ 45. Kxc6 1-0

[Event "Bronshoj BSM IM 2012"]
[Site "Copenhagen DEN"]
[Date "2012.06.01"]
[Round "1.5"]
[White "Akdag, Dara"]
[Black "Joie, Sebastien"]
[Result "1/2-1/2"]
[BlackTitle "FM"]
[WhiteElo "2264"]
[BlackElo "2298"]
[WhiteFideId "1413406"]
[BlackFideId "650420"]
[EventDate "2012.06.01"]

1. d4 g6 2. c4 Bg7 3. Nf3 c5 4. d5 d6 5. Nc3 Bxc3+ 6. bxc3 f5 7. Qa4+ Bd7 8. Qb3
Qa5 9. Bd2 b6 10. Ng5 Nf6 11. f3 h6 12. Nh3 Na6 13. e3 O-O-O 14. Nf4 Rhg8 15.
Bd3 Nc7 16. O-O Rdf8 17. Qc2 Kb8 18. a4 g5 19. Ne2 e6 20. Nc1 Qa6 21. a5 bxa5
22. dxe6 Bxe6 23. Bxf5 Bxf5 24. Qxf5 Qxc4 25. Qc2 g4 26. Ra4 Qd5 27. e4 Qc6 28.
Bxh6 Re8 29. Kh1 gxf3 30. gxf3 d5 31. e5 Rxe5 32. Bf4 Re7 33. Rxa5 Nh5 34. Bxc7+
Qxc7 35. Qb3+ Kc8 36. Qxd5 Ng3+ 37. Kg2 Nxf1+ 38. Qxg8+ Kb7 39. Qb3+ Kc8 40.
Qg8+ Kb7 41. Qb3+ Kc8 42. Qg8+ 1/2-1/2

[Event "Bronshoj BSM IM 2012"]
[Site "Copenhagen DEN"]
[Date "2012.06.02"]
[Round "2.1"]
[White "Ninov, Nikolai"]
[Black "Haubro, Martin"]
[Result "1-0"]
[WhiteTitle "IM"]
[WhiteElo "2471"]
[BlackElo "2092"]
[WhiteFideId "2900424"]
[BlackFideId "1414291"]
[EventDate "2012.06.01"]

1. e4 c5 2. Nf3 d6 3. d4 cxd4 4. Nxd4 Nf6 5. Nc3 a6 6. a4 e5 7. Nf3 h6 8. Bc4
Bg4 9. h3 Bh5 10. Be3 Nbd7 11. g4 Bg6 12. Nh4 Bh7 13. Nf5 Bxf5 14. gxf5 Qa5 15.
Qd3 Rc8 16. O-O-O Nc5 17. Bxc5 Rxc5 18. Rhg1 Nh5 19. Bb3 Nf4 20. Qf3 b5 21. axb5
d5 22. Nxd5 Nxd5 23. exd5 Qa1+ 24. Kd2 Qxb2 25. bxa6 Rc7 26. Rg4 Be7 27. d6 Rd7
28. Ba4 1-0

[Event "Bronshoj BSM IM 2012"]
[Site "Copenhagen DEN"]
[Date "2012.06.02"]
[Round "2.2"]
[White "Nilssen, John Arni"]
[Black "Kristensen, Kaare"]
[Result "0-1"]
[WhiteTitle "IM"]
[BlackTitle "FM"]
[WhiteElo "2389"]
[BlackElo "2328"]
[WhiteFideId "7200137"]
[BlackFideId "1400940"]
[EventDate "2012.06.01"]

1. d4 d5 2. c4 c6 3. Nf3 Nf6 4. Nc3 e6 5. Bg5 dxc4 6. e4 b5 7. e5 h6 8. Bh4 g5
9. Bg3 Nd5 10. Nd2 Nd7 11. Be2 Bb7 12. O-O Nxc3 13. bxc3 Nb6 14. Ne4 Nd5 15. Bh5
Qd7 16. a4 a6 17. Qf3 Rh7 18. Rfe1 O-O-O 19. h3 Be7 20. Qe2 c5 21. axb5 axb5 22.
dxc5 Qc6 23. Bf3 h5 24. Qc2 g4 25. hxg4 hxg4 26. Bxg4 Rdh8 27. Kf1 Ne3+ 28. fxe3
Qxe4 29. Qxe4 Bxe4 30. Bf3 Rh1+ 31. Kf2 Rxe1 32. Rxe1 Bxf3 33. Kxf3 Kb7 34. Rd1
Kc6 35. Rd4 Bxc5 36. Rf4 Rd8 37. Rxf7 Rd3 38. Bf4 Rxc3 39. g4 b4 40. g5 b3 41.
g6 b2 42. g7 b1=Q 43. g8=Q Qd1+ 44. Kg2 Rc2+ 45. Kh3 Qh1+ 0-1

[Event "Bronshoj BSM IM 2012"]
[Site "Copenhagen DEN"]
[Date "2012.06.02"]
[Round "2.3"]
[White "Semcesen, Daniel"]
[Black "Akdag, Dara"]
[Result "1-0"]
[WhiteTitle "IM"]
[WhiteElo "2461"]
[BlackElo "2264"]
[WhiteFideId "1706993"]
[BlackFideId "1413406"]
[EventDate "2012.06.01"]

1. d4 Nf6 2. c4 g6 3. Nc3 d5 4. Bg5 Ne4 5. Bh4 Nxc3 6. bxc3 dxc4 7. Qa4+ Nd7 8.
e3 Bg7 9. Bxc4 O-O 10. Qa3 c5 11. Nf3 Qc7 12. Rc1 e5 13. Bg3 b6 14. Qb3 b5 15.
Bxb5 cxd4 16. exd4 Rb8 17. Qc4 Qa5 18. a4 a6 19. Bc6 Bh6 20. Rd1 exd4 21. O-O
Qxc3 22. Rxd4 Qxc4 23. Rxc4 Rb2 24. h3 Nb6 25. Rc5 Be6 26. Nd4 Bd7 27. a5 Bxc6
28. Rxc6 Nd5 29. Rxa6 Ra2 30. Nc6 Re8 31. Rb1 Bf8 32. Kh2 Kg7 33. Rb5 Rd2 34.
Ra7 Ne7 35. Ne5 Kg8 36. Ng4 Bg7 37. Rab7 h5 38. Ne3 Nc6 39. R7b6 Nd4 40. Rb8
Rxb8 41. Rxb8+ Kh7 42. Rb7 Ra2 43. Nc4 Nf5 44. Rxf7 h4 45. Be5 Kg8 46. Rb7 Bf8
47. Rb2 Ra4 48. Rc2 Bb4 49. Bc7 Nd4 50. Rb2 Bc3 51. Rb8+ Kg7 52. Be5+ Kf7 53.
Rc8 Ke6 54. Bh8 Nf3+ 55. gxf3 Bxh8 56. Kg2 Bd4 57. Nd2 Rxa5 58. Ne4 Ra2 59. Rc6+
Kf5 60. Rd6 Be5 61. Rb6 Bd4 62. Rb4 Be3 63. Rb3 Bd4 64. Rb7 Bf6 65. Rf7 Ra6 66.
Rxf6+ Rxf6 67. Nxf6 Kxf6 68. f4 g5 69. Kf3 1-0

[Event "Bronshoj BSM IM 2012"]
[Site "Copenhagen DEN"]
[Date "2012.06.02"]
[Round "2.4"]
[White "Matthiesen, Arne"]
[Black "Joie, Sebastien"]
[Result "1/2-1/2"]
[WhiteTitle "FM"]
[BlackTitle "FM"]
[WhiteElo "2337"]
[BlackElo "2298"]
[WhiteFideId "1403524"]
[BlackFideId "650420"]
[EventDate "2012.06.01"]

1. d4 c5 2. d5 g6 3. e4 Bg7 4. Nf3 d6 5. c4 e6 6. Bd3 Ne7 7. O-O O-O 8. Nc3 a6
9. h3 h6 10. dxe6 Bxe6 11. Be3 Nbc6 12. Qd2 g5 13. Nd5 Ng6 14. Rab1 a5 15. Rfd1
Bxd5 16. exd5 Nce5 17. Nxe5 Bxe5 18. g3 Qf6 19. Qe2 Rfe8 20. Bxg6 Qxg6 21. Qd3
Kg7 22. b3 f5 23. Kg2 Rf8 24. Re1 Rae8 25. Bd2 b6 26. Re2 f4 27. Qxg6+ Kxg6 28.
gxf4 gxf4 29. Kf3 Rf5 30. Rg1+ Rg5 31. Rg4 Rf8 32. Re1 h5 33. Rgg1 Kf5 34. a4
Rh8 35. Rh1 Rhg8 36. Rhf1 Rg2 37. Rh1 R2g5 38. Rhf1 Rg2 39. Rh1 1/2-1/2

[Event "Bronshoj BSM IM 2012"]
[Site "Copenhagen DEN"]
[Date "2012.06.02"]
[Round "3.1"]
[White "Akdag, Dara"]
[Black "Nilssen, John Arni"]
[Result "1/2-1/2"]
[BlackTitle "IM"]
[WhiteElo "2264"]
[BlackElo "2389"]
[WhiteFideId "1413406"]
[BlackFideId "7200137"]
[EventDate "2012.06.01"]

1. d4 Nf6 2. c4 c5 3. d5 e5 4. Nc3 d6 5. e4 g6 6. Bd3 Bg7 7. Nge2 Nbd7 8. Bg5 h6
9. Bd2 a6 10. a4 Nh5 11. h4 Nf8 12. Qc2 Qf6 13. f3 g5 14. O-O-O gxh4 15. f4 Qe7
16. f5 Bf6 17. g4 Ng7 18. Rdg1 Nh7 19. Bxh6 Ng5 20. Bxg5 Bxg5+ 21. Kb1 Bd7 22.
Rh3 O-O-O 23. Rgh1 Rdg8 24. Ng1 Ne8 25. Nf3 Nf6 26. Nxg5 Rxg5 27. Rxh4 Rxh4 28.
Rxh4 Rxg4 29. Qh2 Rxh4 30. Qxh4 Be8 31. Qh8 Kc7 32. Be2 Nd7 33. Bg4 Kd8 34. Qh6
Qf6 35. Qxf6+ Nxf6 36. Bd1 Kc7 37. a5 b5 38. axb6+ Kxb6 39. Kc2 Nh7 40. Ne2 Ba4+
41. b3 Be8 42. Ng3 a5 43. Kd3 Kc7 44. Nh5 Bd7 45. Ke3 Kd8 46. Bc2 Ke7 47. Kf3
Kf8 48. Kg4 f6 49. Ng3 Be8 50. Ne2 Ke7 51. Nc3 Nf8 52. Kh4 Nd7 53. Bd1 Nb6 54.
Bh5 Bd7 55. Bd1 Be8 56. Bc2 Kd8 57. Nb5 Bxb5 58. cxb5 c4 59. Kh5 cxb3 60. Bxb3
a4 61. Ba2 Ke7 62. Kg6 Nd7 63. Bb1 Nf8+ 64. Kg7 Nd7 65. Bd3 a3 66. Bc4 Nb6 67.
Bb3 Nd7 68. Bc4 Nb6 69. Bb3 Nd7 70. Bc4 Nb6 1/2-1/2

[Event "Bronshoj BSM IM 2012"]
[Site "Copenhagen DEN"]
[Date "2012.06.02"]
[Round "3.3"]
[White "Vesterli, Michael E."]
[Black "Matthiesen, Arne"]
[Result "0-1"]
[BlackTitle "FM"]
[WhiteElo "2030"]
[BlackElo "2337"]
[WhiteFideId "1417339"]
[BlackFideId "1403524"]
[EventDate "2012.06.01"]

1. d4 d5 2. c4 c6 3. Nf3 Nf6 4. Nc3 e6 5. Bg5 h6 6. Bh4 dxc4 7. e4 g5 8. Bg3 b5
9. Be2 Bb7 10. O-O Nbd7 11. Ne5 Bg7 12. Nxf7 Kxf7 13. e5 Nd5 14. Ne4 Kg8 15. Nd6
Bc8 16. Qb1 Nf8 17. Bh5 Rh7 18. Bf7+ Kh8 19. Bg6 Qe7 20. Bxh7 Nxh7 21. Qg6 Bd7
22. Nf7+ Kg8 23. Nxh6+ Kh8 24. Nf7+ Kg8 25. Nd6 Be8 26. Qe4 Nf8 27. h4 Bg6 28.
Qg4 Bd3 29. Rfe1 Ng6 30. hxg5 Rf8 31. Kh2 a5 32. Rh1 Ndf4 33. Rae1 Bf5 34. Qf3
Nd3 35. Ra1 Qxg5 36. Qxc6 Ngf4 37. Nxf5 Rxf5 38. Qf3 Qh5+ 0-1

[Event "Bronshoj BSM IM 2012"]
[Site "Copenhagen DEN"]
[Date "2012.06.02"]
[Round "3.4"]
[White "Haubro, Martin"]
[Black "Schou-Moldt, Thomas"]
[Result "1-0"]
[WhiteElo "2092"]
[BlackElo "2210"]
[WhiteFideId "1414291"]
[BlackFideId "1401297"]
[EventDate "2012.06.01"]

1. e4 g6 2. d4 Bg7 3. Nc3 d6 4. Be3 Nf6 5. h3 c6 6. a4 Nbd7 7. g3 Qa5 8. Bg2 O-O
9. Ne2 Re8 10. O-O e5 11. Rb1 c5 12. d5 a6 13. Qd3 Rb8 14. Ra1 Rf8 15. Rfb1 Ne8
16. g4 Qb4 17. a5 b5 18. Ng3 f5 19. exf5 gxf5 20. Nxf5 Ndf6 21. Ne7+ Kh8 22. Nc6
Qxc3 23. Qxc3 Ra8 24. b4 Nc7 25. bxc5 Nfxd5 26. Qd2 Nxe3 27. fxe3 d5 28. Rf1 Bb7
29. Ne7 1-0

[Event "Bronshoj BSM IM 2012"]
[Site "Copenhagen DEN"]
[Date "2012.06.02"]
[Round "3.5"]
[White "Kristensen, Kaare"]
[Black "Ninov, Nikolai"]
[Result "0-1"]
[WhiteTitle "FM"]
[BlackTitle "IM"]
[WhiteElo "2328"]
[BlackElo "2471"]
[WhiteFideId "1400940"]
[BlackFideId "2900424"]
[EventDate "2012.06.01"]

1. e4 c5 2. Nf3 d6 3. d4 Nf6 4. Nc3 cxd4 5. Nxd4 a6 6. Bg5 Nbd7 7. f4 Qc7 8. Qf3
b5 9. O-O-O Bb7 10. Bd3 g6 11. Rhe1 Bg7 12. Qh3 h6 13. Bh4 e5 14. fxe5 dxe5 15.
Ne6 fxe6 16. Qxe6+ Kf8 17. Rf1 Qc6 18. Bc4 Qxe6 19. Bxe6 Ke8 20. Bxd7+ Nxd7 21.
Rf7 Kxf7 22. Rxd7+ Kg8 23. Rxb7 Kh7 24. Bf6 Rhg8 25. Bxe5 Kh8 26. Bxg7+ Rxg7 27.
Rb6 Rf8 28. Kd2 Rf2+ 29. Kd3 Rxg2 30. e5 Rxh2 31. e6 Rh5 32. Ke4 Rc7 33. Rd6
Rc4+ 34. Kd3 Rh3+ 35. Kd2 Kg7 36. Nd5 Rd4+ 37. Ke2 Rh2+ 38. Ke3 Rxd5 39. Rxd5
Rxc2 40. e7 Kf7 41. Rd6 Rxb2 42. Rxg6 Rxa2 43. Rg7+ Ke8 44. Kd4 Kd7 45. Rh7 Rh2
46. Kc5 Rh3 47. Kb6 b4 48. Kxa6 Ke8 49. Kb5 b3 50. Kc6 b2 51. Rh8+ Kxe7 52. Rb8
Rh2 53. Kd5 h5 54. Ke5 Kd7 55. Kf4 h4 56. Kg4 Kc6 57. Kf3 Kd5 58. Ke3 Kc4 59.
Rb7 Kc3 60. Rc7+ Kb3 61. Rb7+ Kc2 62. Rc7+ 0-1

[Event "Bronshoj BSM IM 2012"]
[Site "Copenhagen DEN"]
[Date "2012.06.03"]
[Round "4.1"]
[White "Vesterli, Michael E."]
[Black "Haubro, Martin"]
[Result "1/2-1/2"]
[WhiteElo "2030"]
[BlackElo "2092"]
[WhiteFideId "1417339"]
[BlackFideId "1414291"]
[EventDate "2012.06.01"]

1. d4 g6 2. e4 Bg7 3. Nc3 d6 4. f4 c6 5. Nf3 Nd7 6. Be3 Qa5 7. Qd2 b5 8. Be2
Ngf6 9. e5 b4 10. exf6 bxc3 11. fxg7 cxd2+ 12. Bxd2 Qxd2+ 13. Nxd2 Rg8 14. Bf3
d5 15. Kf2 Rxg7 16. Rhe1 Rb8 17. Nb3 e6 18. Re3 Ke7 19. Rc3 Kd6 20. Rb1 Rg8 21.
Be2 Nf6 22. Nc5 Ne4+ 23. Nxe4+ dxe4 24. Ra3 Rb7 25. b4 Bd7 26. Rbb3 f5 27. Ra6
Kc7 28. a3 Rd8 29. Rh3 h5 30. Rc3 Kb8 31. Rc5 Rb6 32. Raa5 Bc8 33. Ke3 a6 34.
Bc4 Rg8 35. h4 Kc7 1/2-1/2

[Event "Bronshoj BSM IM 2012"]
[Site "Copenhagen DEN"]
[Date "2012.06.03"]
[Round "4.2"]
[White "Schou-Moldt, Thomas"]
[Black "Kristensen, Kaare"]
[Result "1/2-1/2"]
[BlackTitle "FM"]
[WhiteElo "2210"]
[BlackElo "2328"]
[WhiteFideId "1401297"]
[BlackFideId "1400940"]
[EventDate "2012.06.01"]

1. e4 c5 2. Nf3 Nc6 3. d4 cxd4 4. Nxd4 e5 5. Nf5 Nf6 6. Nc3 d5 7. exd5 Bxf5 8.
dxc6 Qxd1+ 9. Nxd1 bxc6 10. Ne3 Be6 11. Nc4 Nd7 12. c3 a5 13. Be3 f6 14. O-O-O
Bc5 15. Bxc5 Nxc5 16. f3 Ke7 17. Be2 a4 18. Rhe1 g5 19. g3 h5 20. Bf1 Rad8 21.
Rxd8 Rxd8 22. Rd1 Rxd1+ 23. Kxd1 g4 24. fxg4 hxg4 25. Ke1 Ne4 26. a3 Bxc4 27.
Bxc4 Nc5 28. Kd2 f5 29. Ke3 Kd6 30. Bf1 Ne6 31. Bc4 Nc7 32. Bd3 Nd5+ 33. Kf2 e4
34. Be2 Kc5 35. Bd1 Nb6 36. Ke3 Nd5+ 37. Ke2 Nb6 38. Ke3 Nd5+ 39. Ke2 1/2-1/2

[Event "Bronshoj BSM IM 2012"]
[Site "Copenhagen DEN"]
[Date "2012.06.03"]
[Round "4.3"]
[White "Nilssen, John Arni"]
[Black "Joie, Sebastien"]
[Result "1-0"]
[WhiteTitle "IM"]
[BlackTitle "FM"]
[WhiteElo "2389"]
[BlackElo "2298"]
[WhiteFideId "7200137"]
[BlackFideId "650420"]
[EventDate "2012.06.01"]

1. d4 c5 2. d5 e6 3. c4 d6 4. e4 g6 5. Nc3 Bg7 6. Nge2 Ne7 7. h4 exd5 8. cxd5
Nd7 9. h5 Ne5 10. Ng3 O-O 11. Be2 f5 12. hxg6 N5xg6 13. Bg5 Qa5 14. Qd2 f4 15.
Nh5 Be5 16. f3 Qb4 17. g3 fxg3 18. f4 Qd4 19. O-O-O Qxd2+ 20. Kxd2 Rxf4 21. Nxf4
Bxf4+ 22. Bxf4 Nxf4 23. Rdg1 g2 24. Rh2 Bh3 25. Bh5 Neg6 26. Bxg6 hxg6 27. Ne2
Nxe2 28. Kxe2 Bg4+ 29. Ke3 Rf8 30. Rgxg2 1-0

[Event "Bronshoj BSM IM 2012"]
[Site "Copenhagen DEN"]
[Date "2012.06.03"]
[Round "4.4"]
[White "Ninov, Nikolai"]
[Black "Akdag, Dara"]
[Result "1-0"]
[WhiteTitle "IM"]
[WhiteElo "2471"]
[BlackElo "2264"]
[WhiteFideId "2900424"]
[BlackFideId "1413406"]
[EventDate "2012.06.01"]

1. e4 c5 2. Nf3 d6 3. d4 cxd4 4. Nxd4 Nf6 5. f3 e5 6. Nb3 Be6 7. c4 Qc7 8. Be3
Nbd7 9. N3d2 Nb6 10. Nc3 a6 11. Nd5 Bxd5 12. cxd5 Nfd7 13. Rc1 Qd8 14. Nb3 Na4
15. Qd2 Rc8 16. Rxc8 Qxc8 17. Na5 Be7 18. Be2 O-O 19. O-O Bd8 20. Rc1 Qb8 21. b3
Nac5 22. Nc4 h6 23. Bd1 b5 24. Na5 b4 25. Nc6 Qa8 26. Qxb4 Nd3 27. Qxd6 Nxc1 28.
Qxd7 Bg5 29. Bxg5 1-0

[Event "Bronshoj BSM IM 2012"]
[Site "Copenhagen DEN"]
[Date "2012.06.03"]
[Round "4.5"]
[White "Matthiesen, Arne"]
[Black "Semcesen, Daniel"]
[Result "1/2-1/2"]
[WhiteTitle "FM"]
[BlackTitle "IM"]
[WhiteElo "2337"]
[BlackElo "2461"]
[WhiteFideId "1403524"]
[BlackFideId "1706993"]
[EventDate "2012.06.01"]

1. d4 d6 2. Nf3 f5 3. Nc3 Nf6 4. Bg5 Ne4 5. Nxe4 fxe4 6. Nd2 Bf5 7. e3 c6 8. g4
Bg6 9. h4 h6 10. Bf4 Nd7 11. Bg2 d5 12. f3 exf3 13. Nxf3 Qa5+ 14. c3 Qb5 15. Qe2
Qxe2+ 16. Kxe2 Be4 17. Rhg1 e6 18. Ne5 Bxg2 19. Rxg2 Be7 20. Ng6 Rg8 21. Rf1 Nf8
22. Nxe7 Kxe7 23. g5 Ng6 24. h5 Nh4 25. Rg4 Nf5 26. g6 Rge8 27. Be5 Kd7 28. e4
dxe4 29. Rxe4 b5 30. Rf3 a5 31. Kd3 Re7 32. Ref4 a4 33. Ke4 1/2-1/2

[Event "Bronshoj BSM IM 2012"]
[Site "Copenhagen DEN"]
[Date "2012.06.03"]
[Round "5.1"]
[White "Semcesen, Daniel"]
[Black "Nilssen, John Arni"]
[Result "1-0"]
[WhiteTitle "IM"]
[BlackTitle "IM"]
[WhiteElo "2461"]
[BlackElo "2389"]
[WhiteFideId "1706993"]
[BlackFideId "7200137"]
[EventDate "2012.06.01"]

1. c4 Nf6 2. Nc3 c5 3. g3 e6 4. Nf3 b6 5. Bg2 Bb7 6. O-O a6 7. d4 cxd4 8. Qxd4
Nc6 9. Qf4 Ne7 10. b3 Ng6 11. Qd2 Qc7 12. Bb2 Be7 13. Rfd1 O-O 14. Rac1 Rac8 15.
Qd3 Qb8 16. a4 Rfd8 17. Nd4 Ne5 18. Qd2 Bxg2 19. Kxg2 Qb7+ 20. Nf3 Bb4 21. Qf4
Ng6 22. Qe3 Bc5 23. Qd3 Ne5 24. Qb1 Neg4 25. Rf1 d5 26. cxd5 exd5 27. h3 Nxf2
28. Rxf2 Bxf2 29. Kxf2 d4 30. Nd1 Ne4+ 31. Kg2 Rxc1 32. Bxc1 d3 33. exd3 Nc5 34.
Nf2 Qd5 35. b4 Nxa4 36. Qc2 b5 37. Be3 h6 38. g4 Re8 39. Bd4 h5 40. Ne4 Qe6 41.
Kg3 Rc8 42. Qd2 hxg4 43. hxg4 f6 44. Qf4 Rd8 45. Qc7 Rc8 46. Qf4 Rd8 47. g5 f5
48. Qc7 Qd7 49. Qxd7 Rxd7 50. Nc5 Rd6 51. Kf4 Nb6 52. Kxf5 Kf7 53. Ne4 g6+ 54.
Kg4 Re6 55. Nc5 Rd6 56. Nb7 1-0

[Event "Bronshoj BSM IM 2012"]
[Site "Copenhagen DEN"]
[Date "2012.06.03"]
[Round "5.2"]
[White "Haubro, Martin"]
[Black "Matthiesen, Arne"]
[Result "1/2-1/2"]
[BlackTitle "FM"]
[WhiteElo "2092"]
[BlackElo "2337"]
[WhiteFideId "1414291"]
[BlackFideId "1403524"]
[EventDate "2012.06.01"]

1. e4 e6 2. Qe2 c5 3. Nf3 Nc6 4. g3 g6 5. Bg2 Bg7 6. c3 Nge7 7. O-O O-O 8. d3 d6
9. a4 e5 10. Na3 h6 11. Rb1 Rb8 12. b4 cxb4 13. cxb4 Bg4 14. Qa2 Be6 15. Qb2 a6
16. b5 axb5 17. axb5 Na5 18. Qb4 d5 19. Bb2 d4 20. Nd2 g5 21. Nac4 Nxc4 22. Nxc4
Ng6 23. Nd6 Qd7 24. Rfc1 Rfd8 25. Nc4 Bf8 26. Qb3 Bc5 27. Ba3 Bxa3 28. Qxa3 Ra8
29. Qb4 Bxc4 30. Rxc4 Rdc8 31. Rbc1 Rxc4 32. Qxc4 Ra5 33. b6 Nf8 34. Qc7 Rb5 35.
Bf3 g4 36. Bd1 Qe6 37. Qxb7 Rxb6 38. Qc7 h5 39. h3 Rb2 40. hxg4 Qf6 41. Rc2 Rb1
42. Rc1 Rb2 43. Rc2 Rb1 1/2-1/2

[Event "Bronshoj BSM IM 2012"]
[Site "Copenhagen DEN"]
[Date "2012.06.03"]
[Round "5.3"]
[White "Akdag, Dara"]
[Black "Schou-Moldt, Thomas"]
[Result "1-0"]
[WhiteElo "2264"]
[BlackElo "2210"]
[WhiteFideId "1413406"]
[BlackFideId "1401297"]
[EventDate "2012.06.01"]

1. d4 d6 2. c4 e5 3. Nf3 e4 4. Nfd2 f5 5. Nc3 Nf6 6. e3 g6 7. Be2 Bg7 8. O-O O-O
9. b4 c5 10. bxc5 dxc5 11. Nb3 Na6 12. Rb1 cxd4 13. exd4 h6 14. Bf4 Nh7 15. Nb5
Ng5 16. c5 Kh7 17. d5 Nf7 18. Nd6 g5 19. Be3 Nc7 20. Nxc8 Qxc8 21. d6 Ne6 22. d7
Qc7 23. Qd5 Qe5 24. Bc4 Ned8 25. Bd4 Qf4 26. Bxg7 Kxg7 27. Na5 Ne5 28. Be2 Rf7
29. g3 Nf3+ 30. Bxf3 Qxf3 31. Nxb7 f4 32. Nd6 fxg3 33. fxg3 Qe3+ 34. Kh1 Rxf1+
35. Rxf1 Qd3 36. Qe5+ Kg6 37. Qf5+ Kh5 38. Nxe4 Rb8 39. Nf6# 1-0

[Event "Bronshoj BSM IM 2012"]
[Site "Copenhagen DEN"]
[Date "2012.06.03"]
[Round "5.4"]
[White "Kristensen, Kaare"]
[Black "Vesterli, Michael E."]
[Result "1/2-1/2"]
[WhiteTitle "FM"]
[WhiteElo "2328"]
[BlackElo "2030"]
[WhiteFideId "1400940"]
[BlackFideId "1417339"]
[EventDate "2012.06.01"]

1. e4 c5 2. Nf3 d6 3. d4 cxd4 4. Nxd4 Nf6 5. Nc3 Nc6 6. Bg5 e6 7. Qd2 a6 8.
O-O-O Bd7 9. f4 b5 10. Bxf6 gxf6 11. Nxc6 Bxc6 12. f5 b4 13. Ne2 Qa5 14. Kb1
Bxe4 15. fxe6 fxe6 16. Nf4 Qf5 17. Bd3 Bxd3 18. Nxd3 a5 19. Rhf1 Qg5 20. Nf4 Kf7
21. Rde1 Re8 22. Qe2 Qe5 23. Qg4 Rg8 24. Qh3 Qf5 25. Qxf5 exf5 26. Rxe8 Kxe8 27.
g3 Kd7 28. Nd5 Ke6 29. Ne3 Rg5 30. Rf3 d5 31. h4 Rh5 32. Ng2 Bd6 33. Re3+ Kd7
34. Rf3 Ke6 35. Re3+ Kd7 36. Rf3 1/2-1/2

[Event "Bronshoj BSM IM 2012"]
[Site "Copenhagen DEN"]
[Date "2012.06.03"]
[Round "5.5"]
[White "Joie, Sebastien"]
[Black "Ninov, Nikolai"]
[Result "1/2-1/2"]
[WhiteTitle "FM"]
[BlackTitle "IM"]
[WhiteElo "2298"]
[BlackElo "2471"]
[WhiteFideId "650420"]
[BlackFideId "2900424"]
[EventDate "2012.06.01"]

1. d4 d5 2. c4 e6 3. Nc3 Nf6 4. Nf3 Bb4 5. Bg5 h6 6. Bxf6 Qxf6 7. cxd5 exd5 8.
Qb3 c5 9. dxc5 Bxc3+ 10. bxc3 Qc6 11. Rd1 Be6 12. Nd4 Qxc5 13. Qxb7 Qxc3+ 14.
Rd2 Qa1+ 15. Rd1 Qc3+ 16. Rd2 Qc1+ 17. Rd1 Qc3+ 1/2-1/2

[Event "Bronshoj BSM IM 2012"]
[Site "Copenhagen DEN"]
[Date "2012.06.04"]
[Round "6.1"]
[White "Matthiesen, Arne"]
[Black "Nilssen, John Arni"]
[Result "1-0"]
[WhiteTitle "FM"]
[BlackTitle "IM"]
[WhiteElo "2337"]
[BlackElo "2389"]
[WhiteFideId "1403524"]
[BlackFideId "7200137"]
[EventDate "2012.06.01"]

1. d4 Nf6 2. c4 c5 3. d5 e5 4. Nc3 d6 5. e4 g6 6. h3 Bg7 7. Bd3 Nbd7 8. Nge2 a6
9. Be3 Nh5 10. Qd2 O-O 11. g4 Nf4 12. Nxf4 exf4 13. Bxf4 Ne5 14. Be2 b5 15. Bg5
f6 16. Be3 f5 17. f4 b4 18. Nd1 fxe4 19. fxe5 Bxe5 20. Qc2 Qa5 21. Bf2 e3 22.
Bxe3 Bd7 23. Nf2 Rae8 24. O-O Qd8 25. Ne4 Qh4 26. Kg2 Qe7 27. Rxf8+ Rxf8 28. Rf1
Bf5 29. gxf5 gxf5 30. Ng5 f4 31. Ne6 Qh4 32. Bf2 1-0